Polarons and applications /

Bibliographic Details
Other Authors: Lakhno, V. D. (Viktor D.)
Format: Book
Language:English
Published: Chichester ; New York : Wiley, [1994]
Series:Proceedings in nonlinear science.
Subjects:

MARC

Tag First Indicator Second Indicator Subfields
LEADER 00000cam a2200000 a 4500
001 in00001237646
005 20151003071831.0
008 940907s1994 enka b 001 0 eng
010 |a  94036674  
015 |a GB95-525 
019 |a 31783354 
020 |a 0471955140 :  |c $120.00 
035 |a (OCoLC)31288261 
035 |9 AGT5257AM 
040 |a DLC  |c DLC  |d UKM   |d UtOrBLW 
049 |a TXAM 
050 0 0 |a QC176.8.P62  |b P65 1994 
082 0 0 |a 530.4/1  |2 20 
245 0 0 |a Polarons and applications /  |c edited by Victor D. Lakhno. 
264 1 |a Chichester ;  |a New York :  |b Wiley,  |c [1994] 
264 4 |c ©1994 
300 |a 514 pages :  |b illustrations ;  |c 24 cm. 
336 |a text  |b txt  |2 rdacontent 
337 |a unmediated  |b n  |2 rdamedia 
338 |a volume  |b nc  |2 rdacarrier 
490 1 |a Proceedings in nonlinear science 
504 |a Includes bibliographical references and index. 
650 0 |a Polarons. 
653 0 |a Solids  |a Physics 
700 1 |a Lakhno, V. D.  |q (Viktor D.) 
830 0 |a Proceedings in nonlinear science. 
999 |a MARS 
999 f f |s 2f49b99d-89c2-3279-8273-68b18af56dd0  |i bb24a76c-b972-33d4-ad7d-45c872ed47de  |t 0 
952 f f |p ric  |a Texas A&M University  |b Rellis Campus  |c Joint Library Facility  |d Remote Storage  |t 0  |e QC176.8.P62 P65 1994  |h Library of Congress classification  |i unmediated -- volume  |m A14819708060 
998 f f |a QC176.8.P62 P65 1994  |t 0  |l Remote Storage